Famous Mountains on a Map #2 - Statistics

General Stats
  • This quiz has been taken 147 times
  • The average score is 8 of 20
Answers on the Map
Answers color-coded by a green-red scale on the quiz's map according to % correct below.
 
Answer Stats
Mountain % Correct
Matterhorn
80%
Mount Elbrus
73%
Mount Kenya
70%
Mount Saint Helens
67%
Mount Logan
57%
Aoraki
56%
Mount Whitney
50%
Mount Washington
49%
Mount Chimborazo
39%
Sugarloaf Mountain
38%
Stromboli
36%
Teide
36%
Mount Kosciuszko
35%
Puncak Jaya
31%
Mount Stanley
30%
Mount Thor
30%
Boggy Peak (Mount Obama)
20%
Ojos del Salado
17%
Mount Wilhelm
14%
Eyjafjallajokull
13%
No matching quizzes found
Score Distribution
Percent of People with Each Score
Percentile by Number Answered
Your Score History
You have not taken this quiz